| 000 | 00476nam a2200145 a 4500 | ||
|---|---|---|---|
| 001 | 000034333 | ||
| 005 | 20200930073638.0 | ||
| 008 | 111003s1876 it 000 0 ita d | ||
| 040 |
_aDO-SdBNP _bspa _cBNPHU |
||
| 082 |
_axxx _bS226s |
||
| 100 | 1 |
_aSanguineti, Angelo _959761 |
|
| 245 | 1 | 0 |
_aSull' origine di Ferdinando Colombo : _bQuestioni vecchie e nuove esaminate / _cAngelo Sanguineti. |
| 260 |
_aGenova : _bTipografĂa di Gaetano Schenone, _c1876. |
||
| 300 |
_a54 p. ; _c24 cm. |
||
| 999 |
_c33824 _d33824 |
||